| 000 | 01132pam a2200325 a 4500 | ||
|---|---|---|---|
| 001 | 1088748 | ||
| 003 | ARRUPE | ||
| 005 | 20150129134311.0 | ||
| 008 | 920915s1993 nyu b 000 0 eng | ||
| 010 | _a 92032495 | ||
| 020 | _a0231070322 | ||
| 020 | _a0231070330 (pbk.) | ||
| 040 |
_aDLC _cDLC _dDLC |
||
| 041 | 1 |
_aeng _hfre |
|
| 050 | 0 | 0 |
_aBF692.2 _b.I7413 1993 |
| 082 | 0 | 0 |
_a155.3/3 _220 |
| 100 | 1 |
_aIrigaray, Luce. _914724 |
|
| 240 | 1 | 0 |
_aSexes et parentés. _lEnglish |
| 245 | 1 | 0 |
_aSexes and genealogies / _cLuce Irigaray ; translated by Gillian C. Gill. |
| 260 |
_aNew York : _bColumbia University Press, _cc1993. |
||
| 300 |
_aix, 206 p. ; _c24 cm. |
||
| 500 | _aCollection of lectures. | ||
| 504 | _aIncludes bibliographical references. | ||
| 650 | 0 |
_aSex differences (Psychology) _xHistory. _914725 |
|
| 650 | 0 |
_aWomen _xPsychology _xHistory. _914726 |
|
| 650 | 0 |
_aFeminist theology. _914727 |
|
| 906 |
_a7 _bcbc _corignew _d1 _eocip _f19 _gy-gencatlg |
||
| 942 |
_2lcc _cMONOGRAPH |
||
| 999 |
_c121918 _d121918 |
||